000 00545nam a2200205Ia 4500
008 230125s9999 xx 000 0 und d
020 _a81-85985-20-0
041 _aeng
082 _a658.5
_bKOB
100 _aKobayashi I
_9106619
245 _a20 Keys to Workplace Improvement
260 _c1990
_bProductivity press publication
_aMadras
300 _a252p
500 _aPerformance appraisal
500 _aProduction management
650 _aManagement
_9106620
700 _aKobayashi I
_9106619
906 _b89
999 _c84159
_d84159